[Event "Trieste Excelsior Palace op 1st"]
[Site "Trieste"]
[Date "2017.01.03"]
[Round "2"]
[White "Ceschia, Ivano"]
[Black "Gravina, Giuseppe"]
[Result "1-0"]
[WhiteElo "2257"]
[BlackElo "1672"]
[PlyCount "87"]
[EventDate "2017.01.02"]
[EventType "swiss"]
[EventRounds "7"]
[EventCountry "ITA"]
[SourceTitle "CBM 176 Extra"]
[Source "ChessBase"]
[SourceDate "2017.03.02"]
[SourceVersion "1"]
[SourceVersionDate "2017.03.02"]
[SourceQuality "1"]

1. e4 c5 2. Nf3 d6 3. d4 cxd4 4. Qxd4 Nf6 5. e5 Nc6 6. Bb5 dxe5 7. Bxc6+ bxc6 8. Qxd8+ Kxd8 9. Nxe5 Ke8 10. 0-0 Bb7 11. Nd2 Nd5 12. Nb3 e6 13. Rd1 f6 14. Na5 fxe5 15. Nxb7 Rb8 16. Na5 Rc8 17. Nc4 Bc5 18. Nxe5 Rf8 19. Nd3 Bb6 20. Re1 Kd7 21. Re2 c5 22. c4 Nb4 23. Ne5+ Kc7 24. a3 Nc6 25. Nxc6 Kxc6 26. Rxe6+ Kd7 27. Re5 Rce8 28. Rd5+ Kc6 29. Be3 Rd8 30. Rad1 a5 31. b3 h6 32. h4 Rfe8 33. h5 Rxd5 34. cxd5+ Kd6 35. Kf1 Bd8 36. Bf4+ Kd7 37. Rc1 Bb6 38. Re1 Rxe1+ 39. Kxe1 Bc7 40. Bxc7 Kxc7 41. Ke2 Kd6 42. Kd3 Kxd5 43. a4 Kc6 44. Ke4 1-0